000 00563nam a2200229Ia 4500
003 OSt
005 20220924145521.0
006 a|||||r|||| 00| 0
007 ta
008 PER
024 _a329047
037 _cTextual
040 _aARTS
_cARTS
_bPER
041 _2PER
_aPER
082 _aO164,8x, L5
100 _aBakhsh Hussain Noor Au.
_9219929
245 0 _aDilqak hai mashhoor darbari
260 _c1975
650 _aPERSIAN SATIRE
_9198988
942 _hO164,8x, L5
_cTEXL
_2CC
999 _c460319
_d460319